000
00326 a2200157 4500
001
190275
020
_a
85-259-0386-6
040
_c
Magnum
100
_a
Málus
240
1
0
_a
O mico e o tico-tico
_l
por
245
1
0
_a
O mico e o tico-tico
300
_a
12
362
0
_a
1993
697
_a
LITERATURA INFANTIL
942
_c
BK
999
_c
190275
_d
190275